[Event "ROM-ch U12"]
[Site "Calimanesti"]
[Date "2013.04.05"]
[Round "5"]
[White "Taddei, Benoit"]
[Black "Angheluta, Filip"]
[Result "1/2-1/2"]
[WhiteElo "1693"]
[BlackElo "1484"]
[PlyCount "89"]
[EventDate "2013.04.02"]
[EventType "swiss"]
[EventRounds "9"]
[EventCountry "ROU"]
[SourceTitle "CBM 153 Extra"]
[Source "ChessBase"]
[SourceDate "2013.04.22"]
[SourceVersion "1"]
[SourceVersionDate "2013.04.22"]
[SourceQuality "1"]

1. c4 e5 2. Nc3 Nc6 3. g3 Nf6 4. Bg2 Be7 5. d3 0-0 6. Nf3 d6 7. 0-0 h6 8. a3 a5 9. b3 Be6 10. Bb2 Qd7 11. Na4 Rfe8 12. Rc1 d5 13. cxd5 Bxd5 14. Nc5 Bxc5 15. Rxc5 Qd6 16. Rc1 Rad8 17. Nd2 Bxg2 18. Kxg2 Qd5+ 19. Kg1 Qe6 20. Re1 Qh3 21. Nf1 Qe6 22. Ne3 Ng4 23. Nxg4 Qxg4 24. Qc2 Qe6 25. Qc4 Qxc4 26. Rxc4 f6 27. Rec1 Rd6 28. Kg2 Kf7 29. Kf3 Ke6 30. g4 Rf8 31. b4 axb4 32. axb4 Rf7 33. h3 Na7 34. R1c2 Nb5 35. Rc1 c6 36. Kg3 g6 37. Ra1 Rf8 38. f3 h5 39. Ra5 hxg4 40. Rxg4 g5 41. h4 gxh4+ 42. Rxh4 Rg8+ 43. Rg4 Rdd8 44. Rxg8 Rxg8+ 45. Kf2 1/2-1/2